000 00406nam a22001697a 4500
003 CEME
005 20210628204808.0
008 210222b xxu||||| |||| 00| 0 eng d
020 _a81-215-0694-8
040 _c.
082 _a297 BRO'H
100 _aBrockelmann, Carl
_972431
245 _aHistory of the islamic peoples
260 _aNEW DELHI
_bMUNSHIRAM
_c1995
300 _a582P
942 _cBK
_2ddc
999 _c578463
_d578463